| 000 | 00465nam a2200169Ia 4500 | ||
|---|---|---|---|
| 003 | LK-CoDNM | ||
| 008 | 010623t2012 xxu||||| |||| 00| 1 sin d | ||
| 040 |
_aLK-CoDNM _dLK-CoDNM _eLK-CoDNM |
||
| 041 | _asin | ||
| 080 | _a133.52 RAT | ||
| 100 | _aRathuwithana,Piyasena | ||
| 245 | _aදොළොස් ලග්නය සහ ග්රහයෝ | ||
| 246 | _aDolos Lagnaya Saha Grahayo | ||
| 260 |
_bGunsena _aColombo _c2012 |
||
| 300 | _b cm | ||
| 942 | _cBK | ||
| 999 |
_c132436 _d132436 |
||